LAUTECH

Mechanization of field experiments in semi-arid areas (Record no. 25109)

MARC details
000 -LEADER
fixed length control field 00245nam a2200097Ia 4500
008 - FIXED-LENGTH DATA ELEMENTS--GENERAL INFORMATION
fixed length control field 120527s9999 xx 000 0 und d
100 ## - MAIN ENTRY--AUTHOR
Author ICARDA,115
245 ## - TITLE STATEMENT
Title Mechanization of field experiments in semi-arid areas
260 ## - PUBLICATION, DISTRIBUTION, ETC. (IMPRINT)
Name of publisher NIAE
942 ## - ADDED ENTRY ELEMENTS (KOHA)
Item type Books
Holdings
Not for loan Home library Current library Shelving location Date acquired Accen. No. Koha item type
  OLUSEGUN OKE LIBRARY LAUTECH OLUSEGUN OKE LIBRARY LAUTECH   28/05/2012 19710 Books